01413cam a22002534a 4500001000800000003000700008005001700015008004100032020002200073035002300095035001700118040003900135042000800174043001200182082002300194100002000217245005500237260008500292300005300377504008500430505058800515650003801103700001801141556118300005420220326193348.0050621s2005 fr ac bq 000 0 fre c a2914935447 (pbk.) a(OCoLC)ocm60845827 a(NNC)5561183 aAUXAMbfrecAUXAMdTZTdOCLCQdFUG apcc ae-fr--- a791.430.944bB858c1 aBrion, Patrick.10aCinéma français :b1895-2005 /cPatrick Brion. aParis :bAdpf, Association pour la diffusion de la pensée française,cc2005. a157, ix p. :bill. (some col.), ports. ;c25 cm. aIncludes bibliographical references (p. 143-157) and filmography (p. 109-[142]). tHistoire et préhistoiretLa vraie naissance du cinématographetLe cinéma devient une industrietLa fin de la suprématie françaisetLe cinéma: art ou spectacle?tQualité et diversitétL'âge d'or (1928-1939)tLes années sombres (1940-1945)tUne production indépendantetDes films et des structurestL'après-guerre et la menaca d'hégémonie américainetDéceptions et réussitestLa nouvelle vaguetLes critiques deviennent réalisateurst1968t1973t1984: La télévision devient le grand argentier du cinéma françaistUne production diversifiée 0aMotion pictureszFrancexHistory. aPatrick Brion